Longhi's : recipes and reflections from Maui's most opinionated restauranteur (Record no. 235177)

MARC details
000 -LEADER
fixed length control field 00734nam a2200229Ia 4500
008 - FIXED-LENGTH DATA ELEMENTS--GENERAL INFORMATION
fixed length control field 191130s1998##################000#0#eng##
020 ## - INTERNATIONAL STANDARD BOOK NUMBER
ISBN 9780898159509
082 ## - DEWEY DECIMAL CLASSIFICATION NUMBER
Classification number 641.5945 LON
100 ## - MAIN ENTRY--AUTHOR NAME
Personal name Longhi, Bob
245 ## - TITLE STATEMENT
Title Longhi's : recipes and reflections from Maui's most opinionated restauranteur
Statement of responsibility, etc Bob Longhi and Gabrielle Longhi ; photography by Gabrielle Longhi
260 ## - PUBLICATION, DISTRIBUTION, ETC. (IMPRINT)
Place of publication Berkeley
Name of publisher Ten Speed Press
Year of publication 1998
300 ## - PHYSICAL DESCRIPTION
Number of Pages ix, 172 p. : col. ill. ; 27 cm
500 ## - GENERAL NOTE
General note Includes index
650 ## - SUBJECT ADDED ENTRY--TOPICAL TERM
Topical Term Cooking, Italian
Topical Term Longhi's (Restaurant)
700 ## - ADDED ENTRY--PERSONAL NAME
Personal name Longhi, Gabrielle
991 ## -
-- 316253
Holdings
Withdrawn status Lost status Damaged status Not for loan Home library Current library Shelving location Date acquired Full call number Accession Number Price effective from Koha item type
        Anna Centenary Library Anna Centenary Library 6TH FLOOR, A WING 13.10.2020 641.5945 LON 419051 13.10.2020 English Books

Find us on the map